Alphabet by Picture - Statistics

General Stats
  • This quiz has been taken 117 times
  • The average score is 25 of 26
Answer Stats
Picture Answer % Correct
A
100%
B
100%
C
98%
D
97%
E
97%
F
97%
G
97%
H
97%
I
97%
J
97%
K
97%
L
97%
M
95%
N
95%
O
94%
P
92%
Q
92%
R
92%
S
92%
T
92%
U
92%
V
90%
W
90%
X
90%
Y
89%
Z
87%
No matching quizzes found
Score Distribution
Percent of People with Each Score
Percentile by Number Answered
Your Score History
You have not taken this quiz